| 000 | 00487nam a22001577a 4500 | ||
|---|---|---|---|
| 999 |
_c7367 _d7367 |
||
| 008 | 210921b ||||| |||| 00| 0 eng d | ||
| 020 | _a9788472461789 | ||
| 040 | _aCDMR | ||
| 100 |
_94661 _aAlbertí, Elisenda |
||
| 245 |
_aDones viatgeres : _bla valentia de disset aventureres avançades al seu temps / _cElisenda Albertí |
||
| 260 |
_aBarcelona _bAlbertí _c2021 |
||
| 300 | _a220 pàgines | ||
| 490 |
_aOrígens _v34 |
||
| 650 | 0 |
_94662 _aViatgeres _ysegles XVIII-XX |
|
| 942 |
_2udc _cMON |
||